000 00557nam a2200217Ia 4500
003 OSt
005 20220928145458.0
006 a|||||r|||| 00| 0
007 ta
008 220927b |||||||| |||| 00| 0 eng d
024 _a80797
037 _cTextual
040 _aSDCL
_cSDCL
_beng
041 _2eng
_aeng
082 _aNQwM19, L3
100 _aClark I J
_9513157
245 0 _aImage of the people
_bGustave Courbet and the 1848 revolution
260 _c1973
942 _hNQwM19, L3
_cTEXL
_2CC
999 _c833804
_d833804